Bővítették az iskolai könyvtárat különböző alapítványoktól nyertek támogatást, háromszáz könyvet vásároltak

Bibliographic Details
Main Author: Leczo, Zoltán, 1972- (Author)
Format: Article
Language:Hungarian
Slovak
PhysicalDescription:Fotogr. 1
Subjects:

MARC

LEADER 00000nab a2200000 a 4500
001 vtls001013092
003 SK-MaSNL
005 20260318114455.0
008 041217c2004 xo drzp 0 0hun
015 |a RVGKPD2004/ 
038 |a RVGKPD 
040 |a RVGKPD  |b slo  |c RVGKPD  |e AACR2 
041 0 |a slo 
044 |a xo  |c SK 
080 |a 373.44  |2 UDC-MRF-SK2 
080 |a 027.8  |2 UDC-MRF-SK2 
100 1 |a Leczo, Zoltán,  |d 1972-  |4 aut  |9 846881 
245 1 0 |a Bővítették az iskolai könyvtárat  |b különböző alapítványoktól nyertek támogatást, háromszáz könyvet vásároltak  |c Zoltán Leczo 
300 |b Fotogr. 1 
610 2 7 |a Základná škola s vyučovacím jazykom maďarským (Biel, Slovensko)  |2 rvgkpd  |9 867837 
650 0 7 |a školské knižnice  |2 rvgkpd  |9 65580 
650 0 7 |a nákup kníh  |2 rvgkpd  |9 1023749 
651 7 |a Biel (Slovensko)  |2 rvgkpd  |9 30486 
651 7 |a Trebišov (Slovensko : okres)  |2 rvgkpd  |9 56230 
773 0 |t Új Szó  |g Roč. 57, č. 290 (16.12.2004), s. 4 
852 |a RVGKPD  |b KIS3GCP 
992 |a RBX 
999 |c 3307366  |d 3309296